Quizzes
Events
Quiz Creation
Community
Videos
Private Events
Remove Ads
Sign In
Join for FREE
Feedback
Dark Mode
Quiz Categories
Sports
Geography
Music
Movies
Television
Just For Fun
Miscellaneous
History
Literature
Language
Science
Gaming
Entertainment
Religion
Holiday
For Kids
Quiz Lab
Recent
Popular Today
Quiz Kudos Today
Editor Picks
Curator Picks
Quizzes by...
Day
Popularity
Type
Ratings
Length
Year
Community
Subscriptions
Recent Discussions
Orange Saloon
Badges
Playlists
Quests
Create
Leaderboards
Showdown
Live 5
Trivia Bingo
Activity
Puzzle Library
Sporcle Events
Private Events
Virtual Trivia
Globe League
Become a Host
Pub Owners
SporcleCon
Opinionation
Our Games
Videos
Blog
Mobile Apps
Partnerships
Remove Ads and Go Orange
Feedback
History
US Presidents
World Leaders
Politics
Nation
Discovery
War
Decade
Year
Century
Biography
Art
History
US Presidents
World Leaders
Politics
Nation
Discovery
War
Decade
Year
Century
Biography
Art
Random Quiz
Search Sporcle
×
Quiz Lab
Quiz Lab
History
New Zealand
Type in answers that appear in a list
Type in answers that appear in a list
Classic
Best Score? Go Orange.
Mayors of Christchurch, New Zealand Stats
Can you name the Mayors of Christchurch, New Zealand
By
Number36
15m
46 Questions
20 Plays
20 Plays
20 Plays
Comments
Comments
Give Quiz Kudos
Give Quiz Kudos
-
- Ratings
hide this ad
More Info
Replay
Link that replays current quiz
Next Quiz
Link to next quiz in quiz playlist
You Got
0%
They Got
Avg Score
29%
Avg Friend Score
Upgrade to see
Score Distribution
Jump to the score distribution portion of the page
Score
0/46
Timer
15:00
0
Plays Today
#
Mayors
% Correct
45th
Bob Parker
95%
46th
Lianne Dalziel
85%
43rd
Vicki Buck
65%
42nd
Hamish Hay
60%
44th
Gary Moore
60%
1st
William Wilson
50%
41st
Neville Pickering
40%
2nd
John Anderson
35%
9th
James Gapes
35%
16th
Samuel Manning
35%
20th
Thomas Gapes
35%
25th
Henry Wigram
35%
29th
Tommy Taylor
35%
33rd
James Arthur Flesher
35%
36th
John Beanland
35%
39th
George Manning
35%
10th
Henry Thomson
30%
11th
Charles Thomas Ick
30%
14th
Aaron Ayers
30%
19th
Eden George
30%
26th
John Hall
30%
15th
Charles Louisson
25%
38th
Ernest Andrews
25%
#
Mayors
% Correct
3rd
Andrew Duncan
20%
7th
Michael Hart
20%
12th
John George Ruddenklau
20%
17th
Charles Gray
20%
21st
Walter Cooper
20%
22nd
Harry Joseph Beswick
20%
24th
Arthur Rhodes
20%
34th
John Archer
20%
37th
Robert Macfarlane
20%
40th
Ron Guthrey
20%
4th
James Jameson
15%
5th
Henry Sawtell
15%
6th
Edward Brenchley Bishop
15%
8th
Fred Hobbs
15%
13th
Charles Hulbert
15%
18th
William Prudhoe
15%
23rd
William Reece
15%
27th
George Payling
15%
28th
Charles Allison
15%
30th
John Joseph Dougall
15%
31st
Henry Holland
15%
32nd
Henry Thacker
15%
35th
Dan Sullivan
15%
Quiz Playlist
Details
Report
Send in Message
Add To Playlist
More Info:
Surname is all that's required.
Classic:
Type in answers that appear in a list
Quiz Source
Last Updated: Feb 16, 2017
Quiz Scoreboard
CHALLENGE
Sign Up to Join the Scoreboard
Show All
Scores
Hide
Comments
May contain spoilers
Recently Published
Movies - When Are They Set?
by FPL_Elf
Movies
5m
Popular People in 1961
by mucciniale
History
6m
1-10 Letter E Words III
by El_Dandy
Language
2m
More to Explore
Quiz From the Vault
Featured Blog Post
Where Did the Easter Bunny Come From?
hide this ad
You Might Also Like...
Tags
Christchurch
New Zealand
New Zealanders
Today's Top Quizzes in History
Browse History
hide this ad
Today's Top Quizzes in New Zealand
Browse New Zealand
Top Contributed Quizzes in History
1
Popular People in 1991
2
Popular People in 1981
3
Popular People in 1951
4
Popular People in 1941
5
Popular People in 1986
6
Popular People in 1976
7
Popular People in 1921
8
I Am Born On March 28th
9
Popular People in 1946
10
Popular People in 1936
Explore More
Trending Topics
Marvel
Anime
Disney
Harry Potter
NBA
Kpop
Crossword
Country
Song
Puzzle
NFL
The Office
Soccer
Pokémon
WWE
hide this ad
More By:
Number36
Quiz
Plays
Rating
Category
Featured
Created
Top 12 Cities of New Zealand on a Map
61,088
4.31
Geography
Apr 7, 2014
I Am Groot
911
3.92
Entertainment
Apr 4, 2015
Sherlock Holmes Abbreviated
127
4.50
Literature
Jan 23, 2014
Danger 5 Characters
57
5.00
Television
Jan 27, 2014
Linked Duos
44
3.75
Miscellaneous
Jan 26, 2014
Go to Creator's Profile
Score Distribution
Quiz Creator Spotlight
Number36
Follow
Send a Message
Quizzes Created
-
Created Quiz Play Count
-
More By This Creator
Popular Quizzes Today
1
Find the Countries of Europe - No Outlines Minefield
2
Find the US States - No Outlines Minefield
3
The Countries of the World
4
Popular People in 1961
5
US States
6
1-10 Letter E Words III
7
Find the US States
8
One Thing in Common: World Cities II
More History Quizzes
Facts About Joe Biden
Editor's Pick
Trending Quizzes
Risky Map Clicking: Least Populous States A-Z
1-10 Letter F Words
1-10 Letter G Words
One Thing in Common: United Kingdom
Risky Map Clicking: Next State Alphabetically
Recently Updated
Leaping Animals
pecheneg
Reality TV Shows (A-Z)
bhenderson79
Rickey Henderson's Hall of Fame Teammates
pecheneg
Champions League XIs: Arsenal
pecheneg
Quick Pick: Celebrities in WWE's Hall of Fame
aduchscher
A-Z Keypad Blitz II
pecheneg
Multiple Oscar Actors
pecheneg
Mystery Phrase Blitz: Oscar 'Best Actors'
pecheneg
F. Scott Fitzgerald Novels
LTH
Pick 3 Villains
ddd62291
Trending Topics
Disney
Kpop
Crossword
Anime
Harry Potter
Marvel
NBA
Puzzle
Song
Soccer
Pokémon
NFL
Country
The Office
WWE
Your Account Isn't Verified!
In order to create a playlist on Sporcle, you need to verify the email address you used during registration. Go to your
Sporcle Settings
to finish the process.
Report this User
Report this user for behavior that violates our
Community Guidelines
.
Details:
Send Report
Go to the Sporcle.com Mobile Site →
Comments